000 00644nam a2200241Ia 4500
003 0100
008 130307s9999 xx 000 0 und d
020 _a1556126239
040 _cARRUPELIB
050 _aBV4319.M538 1993
245 _aCommunication and Lonergan
245 _bcommon ground for forging the New Age
260 _aKansas City, MO :
260 _bSheed & Ward
260 _cc1993.
300 _axxxvii
300 _b377 p. 23 cm.
440 _aCommunication, culture & theology
650 _aTHEOLOGY
650 _bReligion -- Modern Americans
700 _aFarrell, Thomas J; Soukup, Paul A. (ed.)
942 0 0 _01
999 _c97536
_d97536